000 00836cam a22002653a 4500
001 23665
003 PGUSA
005 20140828083514.0
008 071130s2007||||xxu|||||s|||||000 p eng d
040 _aPGUSA
_beng
042 _adc
050 4 _aPZ
100 1 _aDorset, Catherine Ann Turner,
_d1749-1816
245 1 4 _aThe Peacock 'At Home' AND The Butterfly's Ball AND The Fancy Fair
_h[electronic resource] /
_cCatherine Ann Turner Dorset
260 _bProject Gutenberg,
_c2007
506 _aPublic domain in the USA.
516 _aElectronic text
653 _aInsects -- Juvenile poetry
653 _aBirds -- Juvenile poetry
653 _aAnimals -- Juvenile poetry
653 _aZoo animals -- Juvenile poetry
830 0 _aProject Gutenberg
_v23665
856 4 0 _uhttp://www.gutenberg.org/ebooks/23665
942 _cEB
999 _c252920
_d252920